| 000 | 00543cam a2200193 a 4500 | ||
|---|---|---|---|
| 001 | 2485528 | ||
| 005 | 20250603083453.0 | ||
| 008 | 910328s1991 tnua b 000 0 eng | ||
| 020 |
_a0805460454 : _c$3.25 |
||
| 050 | 0 | 0 |
_aBV652.25 _b.H45 1991 |
| 082 | 0 | 0 |
_a254/.5 _220 |
| 100 | 1 |
_aHemphill, Ken, _d1948- |
|
| 245 | 1 | 4 |
_aThe bonsai theory of church growth / _cKen Hemphill. |
| 260 |
_aNashville, Tenn. : _bBroadman Press, _cc1991. |
||
| 300 |
_a128 p. : _bill. ; _c19 cm. |
||
| 650 | 0 | _aChurch growth. | |
| 650 | 0 | _aBonsai. | |
| 942 |
_2lcc _cBK _n0 |
||
| 999 |
_c6170 _d6170 |
||